• 首页
  • 本馆介绍
  • 公告通知
  • 最新文献
  • 馆藏检索
  • 电子资源
  • 读者导购
  • 参考咨询
  • 我的图书馆
  • 登录
  • 详细信息显示
  • 放入我的书架
  • 预约/预借图书
  • 作者相关作品
  • 分类相关作品
  • 丛书相关作品
  • 出版社相关作品

书目信息

  • 表格格式
  • 工作单格式
  • 卡片格式
题名:
蒙元史研究丛稿
    
 
作者: 陈得芝 著
分册:  
出版信息: 北京   人民出版社  2005
页数: 778页
开本: 21cm
丛书名:
单 册:
中图分类: K247.07
科图分类:
主题词: 中国--古代史--研究--元代--文集
电子资源:
ISBN: 7-01-004562-3
000 00744nam0 2200217 450
001 TS2006028950
005 20070109151044.15
010    @a7-01-004562-3@dCNY58.00
100    @a20060829d2005 kemy0chiy0110 ea
101 0  @achi
102    @aCN@b110000
105    @ay z 000yy
200 1  @a蒙元史研究丛稿@AMeng Yuan Shi Yan Jiu Cong Gao@f陈得芝著@FChen De Zhi Zhu
210    @a北京@c人民出版社@d2005
215    @a778页@d21cm
330    @a蒙元史涉及的民族多,地域广,具有世界性、多学科的特点。本书作者在广泛吸收国外学者的研究成果基础上,对我国蒙元史进行了研究。
606 0  @a中国@x古代史@x研究@x元代@y文集
690    @aK247.07@v4
701  0 @a陈得芝@AChen De Zhi@f(1933~)@4著
801  0 @aCN@b中图数据@c20070109
905    @a10447@dK247.07@e30
    
    蒙元史研究丛稿/陈得芝著.-北京:人民出版社,2005
    778页;21cm
    
    
    ISBN 7-01-004562-3:CNY58.00
    蒙元史涉及的民族多,地域广,具有世界性、多学科的特点。本书作者在广泛吸收国外学者的研究成果基础上,对我国蒙元史进行了研究。
●
相关链接 在E读中查询图书 在五车中查询图书 在当当中查询图书 在豆瓣中查询图书


正题名:蒙元史研究丛稿     索取号:K247.07/30         预约/预借

序号 登录号 条形码 馆藏地/架位号 状态 备注
1 0607485   206074852   第二样本阅览室/ [索取号:K247.07/30] 在馆    
2 0607486   206074861   第二借阅区/ [索取号:K247.07/30] 在馆    
3 0607487   206074870   第二借阅区/ [索取号:K247.07/30] 在馆    
4 0607488   206074889   第二借阅区/ [索取号:K247.07/30] 在馆    
唐山师范学院图书馆 欢迎您!
大连网信软件有限公司© 版权所有